Asam pedas untuk dia

Bibliographic Details
Main Author: Nureen Mirza (Author)
Format: Book
Language:Malay
Published: Shah Alam : Alaf 21 2013
Subjects:

MARC

LEADER 00000cam a2200000 7i4500
001 0000029928
005 20220815.0
008 220808 my may
020 |a 9789831248270 
040 |a INS   |b eng   |e rda 
090 0 0 |a PL5186.N87   |b A83 2013 
100 0 |a Nureen Mirza ,   |e author 
245 1 0 |a Asam pedas untuk dia   |c Nureen Mirza 
264 1 |a Shah Alam :   |b Alaf 21   |c 2013 
300 |a 523 pages ;   |c 19 cm. 
336 |a text  |2 rdacontent 
337 |a unmediated  |2 rdamedia 
338 |a volume  |2 rdacarrier 
650 0 |a Malay fiction 
999 |a 0000024835   |b BOOK   |c Open Shelf   |e Default branch